<?xml version="1.0" encoding="UTF-8"?><?xml-stylesheet type="text/xsl" href="static/style.xsl"?><OAI-PMH xmlns="http://www.openarchives.org/OAI/2.0/" xmlns:xsi="http://www.w3.org/2001/XMLSchema-instance" xsi:schemaLocation="http://www.openarchives.org/OAI/2.0/ http://www.openarchives.org/OAI/2.0/OAI-PMH.xsd"><responseDate>2026-04-17T15:53:40Z</responseDate><request verb="GetRecord" identifier="oai:www.recercat.cat:2117/368605" metadataPrefix="marc">https://recercat.cat/oai/request</request><GetRecord><record><header><identifier>oai:recercat.cat:2117/368605</identifier><datestamp>2025-07-22T20:32:38Z</datestamp><setSpec>com_2072_1033</setSpec><setSpec>col_2072_452951</setSpec></header><metadata><record xmlns="http://www.loc.gov/MARC21/slim" xmlns:dcterms="http://purl.org/dc/terms/" xmlns:xsi="http://www.w3.org/2001/XMLSchema-instance" xmlns:doc="http://www.lyncode.com/xoai" xsi:schemaLocation="http://www.loc.gov/MARC21/slim http://www.loc.gov/standards/marcxml/schema/MARC21slim.xsd">
   <leader>00925njm 22002777a 4500</leader>
   <datafield ind2=" " ind1=" " tag="042">
      <subfield code="a">dc</subfield>
   </datafield>
   <datafield ind2=" " ind1=" " tag="720">
      <subfield code="a">Fernández Franco, Alejandro</subfield>
      <subfield code="e">author</subfield>
   </datafield>
   <datafield ind2=" " ind1=" " tag="260">
      <subfield code="c">2021-09-13</subfield>
   </datafield>
   <datafield ind2=" " ind1=" " tag="520">
      <subfield code="a">Aquest treball s’ha basat en el fenomen anomenat radial run-out ( o excentricitat ) i en la construcció d’una màquina capaç de mesurar-lo de la forma més fàcil possible després de sotmetre una llanda de cotxe a una prova d’impacte. L’excentricitat d’una llanda es podria definir com la rodonesa de la llanda, quin és el seu radi al llarg de tota la seva circumferència. Una variació de radi alta ( superior als 0,5 mm ) provoca que el cotxe realitzi petits salts ( més obvis a major velocitat ) i per tant empitjori la conducció. Un cop realitzada la prova d’impacte, l’objectiu serà mesurar aquesta excentricitat i veure com ha canviat, i comprovar si l’excentricitat de la llanda segueix dintre de toleràncies o si l’impacte ha deixat la llanda inservible. El treball es centrarà doncs en el disseny d’aquesta màquina que faci la mesura d’aquesta magnitud el més fàcil i el més ràpid possible. Per a la comprovació de resultats es farà servir el programari ANSYS i per fer més fàcil la presentació de la màquina el disseny de les diferents peces es realitzarà amb SOLIDWORKS. Al final del projecte s’ha aconseguit entendre el concepte de radial run-out i s’ha pogut dissenyar una màquina preparada per fer aquestes mesures d’excentricitat tal com es desitjava, seguint les pautes i especificacions que es van plantejar al principi del projecte</subfield>
   </datafield>
   <datafield tag="653" ind2=" " ind1=" ">
      <subfield code="a">Àrees temàtiques de la UPC::Enginyeria mecànica::Automoció</subfield>
   </datafield>
   <datafield tag="653" ind2=" " ind1=" ">
      <subfield code="a">Automobiles -- Wheels -- Equipment and supplies -- Design and construction</subfield>
   </datafield>
   <datafield tag="653" ind2=" " ind1=" ">
      <subfield code="a">Automobile supplies industry -- Quality control</subfield>
   </datafield>
   <datafield tag="653" ind2=" " ind1=" ">
      <subfield code="a">Automòbils -- Rodes -- Equip i accessoris -- Disseny i construcció</subfield>
   </datafield>
   <datafield tag="653" ind2=" " ind1=" ">
      <subfield code="a">Automòbils -- Equip i accessoris -- Indústria i comerç -- Control de qualitat</subfield>
   </datafield>
   <datafield ind2="0" ind1="0" tag="245">
      <subfield code="a">Disseny i càlculs d’una màquina per mesurar l’excentricitat d’una llanda de vehicle després d’una prova d’impacte</subfield>
   </datafield>
</record></metadata></record></GetRecord></OAI-PMH>